[Event "DEM U18w 2008"]
[Site "Willingen GER"]
[Date "2008.05.17"]
[Round "9"]
[White "Herbold, Nora Marina"]
[Black "Franzenburg, Maria"]
[Result "0-1"]
[Termination "normal"]
[Board "12"]
[WhiteElo "1674"]
[BlackElo "1826"]
[PlyCount "82"]
[WhiteFideId "4624548"]
[BlackFideId "24667102"]
[EventCountry "GER"]
[EventRounds "9"]
[EventType "swiss"]
[EventDate "2008.05.10"]

1. e4 e6 2. d4 d5 3. Nc3 Bb4 4. e5 c5 5. Bd2 cxd4 6. Nb5 Bxd2+ 7. Qxd2 Nc6 8.
f4 f6 9. Nf3 fxe5 10. fxe5 Qe7 11. O-O-O Nh6 12. Nbxd4 O-O 13. h3 Nf7 14. Qe3
Bd7 15. c3 a6 16. Bd3 Rfc8 17. Kb1 b5 18. Nxc6 Bxc6 19. Qf4 a5 20. h4 b4 21.
Ng5 Nxg5 22. hxg5 g6 23. Qh4 Be8 24. cxb4 axb4 25. Rc1 Qa7 26. Rxc8 Qxa2+ 27.
Kc1 Rxc8+ 28. Bc2 Qa7 29. Qxb4 Qe3+ 30. Kb1 Qxe5 31. Qe7 Bf7 32. Rxh7 Qe1+ 33.
Ka2 Ra8+ 34. Kb3 Qe3+ 35. Kb4 Qd4+ 36. Kb5 Qxb2+ 37. Kc6 Rc8+ 38. Kd6 Qb4+ 39.
Kd7 Qb7+ 40. Kd6 Rc6+ 41. Ke5 Qxe7 0-1

[Event "DEM U18w 2008"]
[Site "Willingen GER"]
[Date "2008.05.17"]
[Round "9"]
[White "Stein, Simone"]
[Black "Breitwieser, Jasmin"]
[Result "1/2-1/2"]
[Termination "normal"]
[Board "13"]
[WhiteElo "1416"]
[BlackElo "1506"]
[PlyCount "27"]
[WhiteFideId "24692875"]
[BlackFideId "24601705"]
[EventCountry "GER"]
[EventRounds "9"]
[EventType "swiss"]
[EventDate "2008.05.10"]

1. e4 c5 2. Nf3 e6 3. d4 cxd4 4. Nxd4 Nf6 5. Nc3 d6 6. f4 Be7 7. Be3 a6 8. Qd3
Nc6 9. O-O-O Qc7 10. Be2 O-O 11. Kb1 b5 12. Nxc6 Qxc6 13. Bf3 Nd7 14. e5
1/2-1/2

[Event "DEM U18w 2008"]
[Site "Willingen GER"]
[Date "2008.05.17"]
[Round "9"]
[White "Pahlau, Janine"]
[Black "Nekrassova, Ekatherina"]
[Result "0-1"]
[Termination "normal"]
[Board "14"]
[WhiteElo "1187"]
[BlackElo "1784"]
[PlyCount "84"]
[BlackFideId "24636266"]
[EventCountry "GER"]
[EventRounds "9"]
[EventType "swiss"]
[EventDate "2008.05.10"]

1. e4 c6 2. d4 d5 3. e5 Bf5 4. Be2 e6 5. Nf3 Nd7 6. Be3 Bg6 7. Nbd2 Nh6 8. O-O
Nf5 9. Bf4 c5 10. c3 Be7 11. a3 Qb6 12. Qb3 O-O 13. Bb5 Rfd8 14. Bxd7 Rxd7 15.
Qxb6 axb6 16. b4 Rc7 17. Bg5 Bxg5 18. Nxg5 cxd4 19. cxd4 Nxd4 20. Ndf3 Nxf3+
21. Nxf3 Rc4 22. Rfc1 Rac8 23. Re1 h6 24. h3 Kf8 25. Kh2 Ke7 26. b5 Rc2 27. Kg3
R8c3 28. a4 Rb2 29. Rac1 Rcc2 30. Rxc2 Bxc2 31. Rc1 Kd7 32. Nd4 Bxa4 33. f3
Bxb5 34. Nxb5 Rxb5 35. Rd1 Rb2 36. f4 b5 37. Rd3 b4 38. Kh2 Kc6 39. h4 Kc5 40.
Kg1 Kc4 41. Rf3 b3 42. Rf1 Rc2 0-1

[Event "DEM U16 2008"]
[Site "Willingen GER"]
[Date "2008.05.11"]
[Round "1"]
[White "Heimann, Andreas"]
[Black "Jussupow, Alexander"]
[Result "1-0"]
[Termination "normal"]
[Board "1"]
[WhiteElo "2390"]
[BlackElo "2040"]
[PlyCount "67"]
[WhiteFideId "24624632"]
[BlackFideId "24613509"]
[EventCountry "GER"]
[EventRounds "9"]
[EventType "swiss"]
[EventDate "2008.05.10"]

1. e4 e6 2. d4 d5 3. Nc3 Bb4 4. e5 c5 5. a3 Bxc3+ 6. bxc3 Ne7 7. Qg4 Kf8 8. Bd2
Qa5 9. a4 Nbc6 10. Nf3 Bd7 11. Bd3 c4 12. Be2 Nd8 13. O-O Bxa4 14. Rfb1 b5 15.
Ra2 Ndc6 16. Qf4 h6 17. h4 Ke8 18. h5 Kd7 19. Qxf7 Raf8 20. Qxg7 Rfg8 21. Qf6
Nf5 22. Bxc4 Rf8 23. Bxb5 Qxb5 24. Rxb5 Bxb5 25. g4 Rxf6 26. exf6 Nd6 27. Ne5+
Kd8 28. c4 Nxc4 29. Nf7+ Ke8 30. Nxh8 Nxd2 31. Ra3 a5 32. g5 Ne4 33. f7+ Kf8
34. Rf3 1-0

[Event "DEM U16 2008"]
[Site "Willingen GER"]
[Date "2008.05.11"]
[Round "1"]
[White "Hobusch, Alexander"]
[Black "Jorczik, Julian"]
[Result "1/2-1/2"]
[Termination "normal"]
[Board "2"]
[BlackTitle "FM"]
[WhiteElo "2034"]
[BlackElo "2339"]
[PlyCount "132"]
[WhiteFideId "24611387"]
[BlackFideId "24611719"]
[EventCountry "GER"]
[EventRounds "9"]
[EventType "swiss"]
[EventDate "2008.05.10"]

1. d4 Nf6 2. Nf3 g6 3. c4 Bg7 4. Nc3 O-O 5. e4 d6 6. Be2 e5 7. Be3 Nbd7 8. d5
Nh5 9. Nd2 Nf4 10. O-O f5 11. exf5 Nxe2+ 12. Qxe2 gxf5 13. f4 Nf6 14. Kh1 Bd7
15. c5 Ng4 16. Bg1 Qh4 17. Nb5 Bxb5 18. Qxb5 exf4 19. cxd6 cxd6 20. Nf3 Qh6 21.
Rac1 Rf7 22. Ne1 Bd4 23. Nf3 Be3 24. Rc3 Bxg1 25. Kxg1 Ne3 26. Rfc1 Qg6 27. Qe2
Nxd5 28. Rc8+ Rxc8 29. Rxc8+ Rf8 30. Qc4 Qe6 31. Rxf8+ Kxf8 32. h3 Ke7 33. Kh2
Qe4 34. Qc8 Nf6 35. Ng5 Qd5 36. Nxh7 f3 37. Qc7+ Nd7 38. Qxd7+ Kxd7 39. Nf6+
Ke6 40. Nxd5 Kxd5 41. gxf3 Ke5 42. Kg3 f4+ 43. Kf2 Kf5 44. Ke2 Kg5 45. Kd3 Kh4
46. Ke4 Kg3 47. h4 d5+ 48. Kxd5 Kxf3 49. h5 Ke2 50. h6 f3 51. h7 f2 52. h8=Q
f1=Q 53. Qe5+ Kd1 54. Qd4+ Kc2 55. Qxa7 Qf3+ 56. Kc4 Kxb2 57. Qa4 Qe4+ 58. Kb5
Qc6+ 59. Kb4 Qd6+ 60. Kc4 Ka1 61. Kb5 Qc6+ 62. Kb4 Qb6+ 63. Kc4 Qb1 64. Kc5 b6+
65. Kc6 Qg6+ 66. Kb7 Qf7+ 1/2-1/2

[Event "DEM U16 2008"]
[Site "Willingen GER"]
[Date "2008.05.11"]
[Round "1"]
[White "Strunski, Andreas"]
[Black "Grünter, Martin"]
[Result "1-0"]
[Termination "normal"]
[Board "3"]
[WhiteElo "2271"]
[BlackElo "2040"]
[PlyCount "67"]
[WhiteFideId "24606073"]
[BlackFideId "24640352"]
[EventCountry "GER"]
[EventRounds "9"]
[EventType "swiss"]
[EventDate "2008.05.10"]

1. d4 Nf6 2. c4 e6 3. Nc3 Bb4 4. Qc2 c5 5. dxc5 Na6 6. a3 Bxc3+ 7. Qxc3 Nxc5 8.
b4 Nce4 9. Qb2 d5 10. c5 h6 11. f3 Ng5 12. Bf4 Bd7 13. Bd6 b6 14. h4 Ngh7 15.
e3 Nf8 16. Bd3 Ng6 17. Bxg6 fxg6 18. Ne2 Kf7 19. Nf4 bxc5 20. bxc5 Ne8 21. Nd3
Nxd6 22. Ne5+ Kg8 23. cxd6 Rb8 24. Qd4 Be8 25. d7 Bxd7 26. Nxg6 Qa5+ 27. Kf2
Rc8 28. Ne7+ Kf7 29. Nxc8 Rxc8 30. Rhc1 Qa6 31. Rxc8 Qxc8 32. Qxa7 Qc2+ 33. Kg1
Ke7 34. Qd4 1-0

[Event "DEM U16 2008"]
[Site "Willingen GER"]
[Date "2008.05.11"]
[Round "1"]
[White "Tiemann, Christoph"]
[Black "Zelbel, Patrick"]
[Result "0-1"]
[Termination "normal"]
[Board "4"]
[WhiteElo "2077"]
[BlackElo "2246"]
[PlyCount "80"]
[WhiteFideId "24676900"]
[BlackFideId "24624322"]
[EventCountry "GER"]
[EventRounds "9"]
[EventType "swiss"]
[EventDate "2008.05.10"]

1. d4 Nf6 2. Bg5 Ne4 3. Bf4 c5 4. f3 Qa5+ 5. c3 Nf6 6. d5 Qb6 7. e4 d6 8. Qd2
Nbd7 9. Na3 Qc7 10. Nc4 b5 11. Ne3 Rb8 12. Ne2 g6 13. g4 Nb6 14. Ng3 a6 15. g5
Nfd7 16. h4 b4 17. c4 Na4 18. Nd1 Bg7 19. Rc1 Qa5 20. Kf2 Nab6 21. b3 Ne5 22.
h5 Rf8 23. hxg6 fxg6 24. Rxh7 Rf7 25. Bxe5 Bxe5 26. Rxf7 Kxf7 27. f4 Bd4+ 28.
Kf3 Bd7 29. Nf2 Rh8 30. Ng4 Bxg4+ 31. Kxg4 Nd7 32. Bd3 Qd8 33. Qg2 Qc8 34. Kf3
Rh4 35. f5 Ne5+ 36. Ke2 Qh8 37. Rh1 Bc3 38. fxg6+ Kxg6 39. Rxh4 Qxh4 40. Ke3
Qxg5+ 0-1

[Event "DEM U16 2008"]
[Site "Willingen GER"]
[Date "2008.05.11"]
[Round "1"]
[White "Graf, Felix"]
[Black "Friedrich, Ricardo"]
[Result "1/2-1/2"]
[Termination "normal"]
[Board "5"]
[WhiteElo "2225"]
[BlackElo "1914"]
[PlyCount "101"]
[WhiteFideId "24608904"]
[BlackFideId "24667170"]
[EventCountry "GER"]
[EventRounds "9"]
[EventType "swiss"]
[EventDate "2008.05.10"]

1. d4 Nf6 2. c4 e6 3. Nf3 c5 4. d5 exd5 5. cxd5 d6 6. Nc3 g6 7. Bf4 a6 8. e4 b5
9. Qe2 Be7 10. Qc2 O-O 11. a4 b4 12. Nd1 Re8 13. Bd3 Bg4 14. Nd2 Nh5 15. Bh6
Bxd1 16. Rxd1 Bg5 17. Bxg5 Qxg5 18. O-O Nf4 19. g3 Nd7 20. Kh1 Nxd3 21. Qxd3 h5
22. f4 Qf6 23. Nc4 Qe7 24. Rde1 Rad8 25. e5 dxe5 26. fxe5 Qg5 27. h4 Qg4 28.
Kh2 Nf8 29. Rf4 Qd7 30. Nd6 Qxd6 31. exd6 Rxe1 32. Qxa6 Nd7 33. Rf1 Re3 34. Qa7
Ne5 35. Qc7 Rd7 36. Qxc5 Ng4+ 37. Kh1 Re8 38. a5 Red8 39. Re1 Kg7 40. Qd4+ Kg8
41. Qf4 Rxd6 42. Re8+ Rxe8 43. Qxd6 Re1+ 44. Kg2 Re2+ 45. Kf1 Rxb2 46. a6 b3
47. a7 Nh2+ 48. Ke1 Nf3+ 49. Kd1 Rd2+ 50. Kc1 Rc2+ 51. Kd1 1/2-1/2

[Event "DEM U16 2008"]
[Site "Willingen GER"]
[Date "2008.05.11"]
[Round "1"]
[White "Schulz, Jens"]
[Black "Hirneise, Jens"]
[Result "1/2-1/2"]
[Termination "normal"]
[Board "6"]
[WhiteElo "1984"]
[BlackElo "2202"]
[PlyCount "61"]
[WhiteFideId "24675687"]
[BlackFideId "24614734"]
[EventCountry "GER"]
[EventRounds "9"]
[EventType "swiss"]
[EventDate "2008.05.10"]

1. e4 c5 2. Nf3 e6 3. d4 cxd4 4. Nxd4 a6 5. g3 Qc7 6. Bg2 Nf6 7. O-O Nc6 8. Nc3
Nxd4 9. Qxd4 Bc5 10. Qd3 O-O 11. Bf4 e5 12. Bg5 Qc6 13. Rad1 Rb8 14. Nd5 Nxd5
15. Qxd5 h6 16. Be3 Bxe3 17. fxe3 Qxd5 18. Rxd5 f6 19. Rd6 b6 20. Rfd1 Rf7 21.
Bh3 Rb7 22. Bf5 Re7 23. h4 Kf7 24. h5 Ke8 25. R1d2 Kd8 26. Be6 Kc7 27. Bf5 Rb8
28. c4 Rb7 29. b3 Kb8 30. Kf2 Ka7 31. a3 1/2-1/2

[Event "DEM U16 2008"]
[Site "Willingen GER"]
[Date "2008.05.11"]
[Round "1"]
[White "Geske, Julian"]
[Black "Marx, Joschka"]
[Result "1-0"]
[Termination "normal"]
[Board "7"]
[WhiteElo "2206"]
[BlackElo "1930"]
[PlyCount "47"]
[WhiteFideId "24605263"]
[BlackFideId "24645869"]
[EventCountry "GER"]
[EventRounds "9"]
[EventType "swiss"]
[EventDate "2008.05.10"]

1. e4 c5 2. Nf3 e6 3. Nc3 a6 4. d4 cxd4 5. Nxd4 Qc7 6. g3 Nf6 7. Bg2 Bb4 8. Bd2
Be7 9. O-O Nc6 10. Nb3 d6 11. f4 Rb8 12. g4 h6 13. Qf3 Nd7 14. Rae1 Rf8 15. Qe2
b5 16. h3 Bb7 17. Nd5 exd5 18. exd5 Nce5 19. fxe5 dxe5 20. Bc3 Bd6 21. a3 Rc8
22. Kh1 Kd8 23. Ba5 Nb6 24. Qf2 1-0

[Event "DEM U16 2008"]
[Site "Willingen GER"]
[Date "2008.05.11"]
[Round "1"]
[White "Völsgen, Georg"]
[Black "Mazarov, Jürgen"]
[Result "0-1"]
[Termination "normal"]
[Board "8"]
[WhiteElo "1884"]
[BlackElo "2161"]
[PlyCount "72"]
[WhiteFideId "24635901"]
[BlackFideId "24617768"]
[EventCountry "GER"]
[EventRounds "9"]
[EventType "swiss"]
[EventDate "2008.05.10"]

1. e4 c5 2. Nc3 a6 3. a4 b6 4. f4 Bb7 5. Bc4 e6 6. Qe2 Be7 7. e5 d5 8. exd6
Qxd6 9. d3 Bh4+ 10. Kd1 Ne7 11. Ne4 Bxe4 12. Qxe4 Qc6 13. Nf3 Bf6 14. c3 O-O
15. Be3 Nd5 16. Bd2 b5 17. Bb3 c4 18. Bc2 cxd3 19. Qxd3 g6 20. Ne5 Bxe5 21.
fxe5 Nd7 22. Qg3 Qc7 23. Re1 N5b6 24. Bf4 Rfd8 25. Bg5 Rdc8 26. Bf6 Nxf6 27.
exf6 Qd8+ 28. Kc1 Qxf6 29. Be4 Rab8 30. axb5 axb5 31. Kc2 b4 32. Rf1 Qe7 33. h4
bxc3 34. bxc3 Nd5 35. Bxd5 exd5 36. Qf2 Qe4+ 0-1

[Event "DEM U16 2008"]
[Site "Willingen GER"]
[Date "2008.05.11"]
[Round "1"]
[White "Kaphle, Stephan"]
[Black "Schiffner, Kevin"]
[Result "1-0"]
[Termination "normal"]
[Board "9"]
[WhiteElo "2136"]
[BlackElo "1928"]
[PlyCount "51"]
[WhiteFideId "24629103"]
[BlackFideId "24674940"]
[EventCountry "GER"]
[EventRounds "9"]
[EventType "swiss"]
[EventDate "2008.05.10"]

1. e4 d6 2. d4 g6 3. Nc3 Bg7 4. Bg5 Nf6 5. e5 Nfd7 6. f4 f6 7. exf6 Nxf6 8. Nf3
c6 9. Bd3 O-O 10. Qd2 Na6 11. O-O-O Qa5 12. Kb1 b5 13. Rhe1 e6 14. h3 Nb4 15.
Bf1 d5 16. a3 Na6 17. Nxd5 Qd8 18. Nxf6+ Bxf6 19. Bxf6 Qxf6 20. g3 Bb7 21. Re3
Rad8 22. Rde1 Nc7 23. Re5 Rd7 24. Ng5 Re8 25. Qa5 a6 26. Ne4 1-0

[Event "DEM U16 2008"]
[Site "Willingen GER"]
[Date "2008.05.11"]
[Round "1"]
[White "Dupont, Gabriel"]
[Black "Nuber, Blasius"]
[Result "0-1"]
[Termination "normal"]
[Board "10"]
[WhiteElo "1888"]
[BlackElo "2093"]
[PlyCount "58"]
[WhiteFideId "4634802"]
[BlackFideId "24620289"]
[EventCountry "GER"]
[EventRounds "9"]
[EventType "swiss"]
[EventDate "2008.05.10"]

1. d4 d5 2. c4 c6 3. Nc3 Nf6 4. Nf3 e6 5. Bg5 Be7 6. e3 Nbd7 7. Bd3 O-O 8. O-O
Re8 9. Qc2 h6 10. Bh4 dxc4 11. Bxc4 Nb6 12. Bb3 Nbd5 13. Rad1 Qa5 14. e4 Nxc3
15. bxc3 b6 16. Ne5 Bb7 17. Nc4 Qh5 18. Bg3 c5 19. Nd2 Rac8 20. Qd3 Nxe4 21.
Nxe4 c4 22. Bxc4 Bxe4 23. Qxe4 Rxc4 24. Qb7 Qa5 25. d5 exd5 26. Rxd5 Qxa2 27.
Re5 Qa3 28. Rfe1 Rxc3 29. Rxe7 Qxe7 0-1

[Event "DEM U16 2008"]
[Site "Willingen GER"]
[Date "2008.05.11"]
[Round "1"]
[White "Tkachuk, Konstantyn"]
[Black "Löhrke, Michael"]
[Result "1-0"]
[Termination "normal"]
[Board "11"]
[WhiteElo "2145"]
[BlackElo "1832"]
[PlyCount "85"]
[WhiteFideId "24647330"]
[EventCountry "GER"]
[EventRounds "9"]
[EventType "swiss"]
[EventDate "2008.05.10"]

1. e4 e6 2. d4 d5 3. exd5 exd5 4. Nf3 Nc6 5. Bb5 Bd6 6. c4 dxc4 7. d5 a6 8. Ba4
b5 9. dxc6 bxa4 10. O-O Ne7 11. Qxa4 O-O 12. Nbd2 c3 13. bxc3 Qe8 14. Nd4 Bb7
15. Re1 Bxc6 16. Nxc6 Qxc6 17. Qxc6 Nxc6 18. Nc4 Rfe8 19. Bg5 Be7 20. Bxe7 Rxe7
21. Rxe7 Nxe7 22. Rd1 Kf8 23. Rd7 c6 24. Nd6 f6 25. g3 Nd5 26. c4 Nc3 27. a3 a5
28. Rf7+ Kg8 29. Rc7 Nb1 30. Rxc6 Nxa3 31. c5 Kf8 32. Rc7 a4 33. c6 Nb5 34.
Nxb5 a3 35. Nxa3 Rxa3 36. Rd7 Ke8 37. Rxg7 Rc3 38. c7 h6 39. Rh7 h5 40. Rh8+
Kd7 41. c8=Q+ Rxc8 42. Rxc8 Kxc8 43. Kg2 1-0

[Event "DEM U16 2008"]
[Site "Willingen GER"]
[Date "2008.05.11"]
[Round "1"]
[White "Müller, Denis"]
[Black "Kachibadze, Georg"]
[Result "1/2-1/2"]
[Termination "normal"]
[Board "12"]
[WhiteElo "1915"]
[BlackElo "2098"]
[PlyCount "59"]
[WhiteFideId "4696140"]
[BlackFideId "24640794"]
[EventCountry "GER"]
[EventRounds "9"]
[EventType "swiss"]
[EventDate "2008.05.10"]

1. e4 c5 2. Nf3 d6 3. d4 cxd4 4. Nxd4 Nf6 5. Nc3 a6 6. Be3 e5 7. Nb3 Be7 8. f3
O-O 9. Qd2 Be6 10. O-O-O b5 11. g4 Nbd7 12. Qf2 Rc8 13. Nd5 Bxd5 14. exd5 Ne8
15. h4 Nc7 16. g5 f5 17. gxf6 Nxf6 18. Bh3 Ra8 19. Bb6 Qb8 20. Na5 Bd8 21. Rhg1
Ncxd5 22. Bxd8 Qxd8 23. Rxd5 Qxa5 24. Rxd6 Qc7 25. Qg3 Qa7 26. Kb1 g6 27. Re1
Rae8 28. Be6+ Kg7 29. Red1 Qc5 30. Bh3 1/2-1/2

[Event "DEM U16 2008"]
[Site "Willingen GER"]
[Date "2008.05.11"]
[Round "1"]
[White "Borgmeyer, Max"]
[Black "Schneider, Jens"]
[Result "1-0"]
[Termination "normal"]
[Board "13"]
[WhiteElo "2040"]
[BlackElo "1796"]
[PlyCount "123"]
[WhiteFideId "24615870"]
[BlackFideId "24685771"]
[EventCountry "GER"]
[EventRounds "9"]
[EventType "swiss"]
[EventDate "2008.05.10"]

1. e4 c5 2. Nf3 a6 3. d4 cxd4 4. Nxd4 Nf6 5. Bd3 e5 6. Nb3 d5 7. exd5 Qxd5 8.
O-O Bg4 9. Qe1 Be7 10. Nc3 Qe6 11. Bd2 O-O 12. Ne4 Nxe4 13. Qxe4 f5 14. Qxb7
Nd7 15. Bc4 Qxc4 16. Qxd7 Rf7 17. Qd3 Qxd3 18. cxd3 Be2 19. Rfe1 Bxd3 20. Rxe5
Bf6 21. Re3 Rd8 22. Ba5 Rd5 23. Bb4 h6 24. Ba3 Bg5 25. Re8+ Kh7 26. Nc5 Bb5 27.
Ra8 Bf4 28. Ne6 Be5 29. Nf8+ Kg8 30. Re1 Bd6 31. Ne6+ Kh7 32. Rd8 Rd7 33. Rxd7
Bxd7 34. Nf8+ Bxf8 35. Bxf8 Rd2 36. Ba3 Be6 37. h3 Bxa2 38. Re7 Rd8 39. Ra7 Bc4
40. Be7 Rg8 41. Bf6 h5 42. Bc3 Kh6 43. Kh2 g5 44. Rc7 Bd5 45. Rc5 Rd8 46. Ra5
Bc4 47. Rxf5 Rd6 48. Rc5 Bb5 49. Rc8 Kg6 50. Rg8+ Kf5 51. Bb4 Re6 52. Bc3 Rd6
53. Rf8+ Kg6 54. h4 gxh4 55. Kh3 Re6 56. Kxh4 Be8 57. f4 Re4 58. Be5 Bb5 59.
Rf6+ Kh7 60. Kxh5 Re2 61. g4 Rg2 62. Rf8 1-0

[Event "DEM U16 2008"]
[Site "Willingen GER"]
[Date "2008.05.11"]
[Round "1"]
[White "Wolff, Christoph"]
[Black "Eibl, Maximilian"]
[Result "0-1"]
[Termination "normal"]
[Board "14"]
[WhiteElo "1709"]
[BlackElo "2001"]
[PlyCount "102"]
[WhiteFideId "24659495"]
[BlackFideId "24620092"]
[EventCountry "GER"]
[EventRounds "9"]
[EventType "swiss"]
[EventDate "2008.05.10"]

1. e4 c5 2. Nf3 d6 3. d4 cxd4 4. Nxd4 Nf6 5. Nc3 a6 6. f3 e6 7. Be3 b5 8. Qd2
Nbd7 9. O-O-O Bb7 10. g4 Nb6 11. g5 Nfd7 12. h4 b4 13. Nb1 d5 14. exd5 Nxd5 15.
Bh3 Ne5 16. Qe2 Qa5 17. Rhe1 Qxa2 18. Nxe6 fxe6 19. Bd4 Nf4 20. Qxe5 Nxh3 21.
Qf5 Nxg5 22. hxg5 Bd5 23. g6 O-O-O 24. Qf7 Rd7 25. Qe8+ Rd8 26. Qf7 Qa4 27.
gxh7 Rxh7 28. Bb6 Qd7 29. Qg6 Rh6 30. Qd3 Re8 31. Qxa6+ Qb7 32. Qxb7+ Kxb7 33.
Rxd5 Kxb6 34. Rde5 Bd6 35. R5e4 Rf6 36. Nd2 Kc6 37. Kd1 Ra8 38. Nb3 Kd7 39.
R1e3 Ra2 40. Rd3 Ke7 41. Red4 e5 42. Rg4 Kf7 43. Nd2 Rh6 44. Nc4 Rh2 45. Nxd6+
Kf8 46. Ke1 Ra1+ 47. Rd1 Rh1+ 48. Ke2 Rhxd1 49. Nf5 Re1+ 50. Kd3 Rf1 51. Rxb4
Rxf3+ 0-1

[Event "DEM U16 2008"]
[Site "Willingen GER"]
[Date "2008.05.11"]
[Round "2"]
[White "Kaphle, Stephan"]
[Black "Heimann, Andreas"]
[Result "0-1"]
[Termination "normal"]
[Board "1"]
[WhiteElo "2136"]
[BlackElo "2390"]
[PlyCount "144"]
[WhiteFideId "24629103"]
[BlackFideId "24624632"]
[EventCountry "GER"]
[EventRounds "9"]
[EventType "swiss"]
[EventDate "2008.05.10"]

1. e4 c5 2. Nf3 e6 3. d4 cxd4 4. Nxd4 a6 5. Bd3 Nc6 6. Nxc6 dxc6 7. O-O e5 8.
Nd2 Nf6 9. Nc4 Qc7 10. Bd2 b5 11. Ba5 Qb8 12. Nb6 Ra7 13. Nxc8 Qxc8 14. c4 Be7
15. cxb5 axb5 16. Bc3 Qb8 17. Qe2 O-O 18. Rfd1 Nd7 19. Bd2 Bc5 20. a3 Qb6 21.
Rac1 Re8 22. Be3 Bxe3 23. Qxe3 Qxe3 24. fxe3 Nb8 25. Rc5 Kf8 26. Kf2 f6 27. Be2
Ke7 28. Bg4 Rd8 29. Rxd8 Kxd8 30. Rc3 Ke7 31. Ke2 Kd6 32. Rd3+ Kc7 33. b4 Kb6
34. Bf5 h6 35. Be6 Re7 36. Bf5 Kc7 37. Rd2 Na6 38. Rc2 Kb7 39. Bg4 Nc7 40. Rd2
Na8 41. Kf2 Nb6 42. Be2 Re8 43. Rc2 Ra8 44. Rc3 Nc8 45. Bd3 Nd6 46. Ke2 Rd8 47.
Kf3 Kb6 48. Ke2 Rc8 49. Kd2 c5 50. bxc5+ Rxc5 51. Rxc5 Kxc5 52. Kc3 Nb7 53. Be2
Na5 54. Bd3 Kb6 55. Kb4 Nc6+ 56. Kc3 Ka5 57. Bc2 Nd8 58. Bd1 Nb7 59. Bb3 Nd6
60. Kd3 Nb7 61. Kc3 Nc5 62. Bc2 g6 63. g4 Ne6 64. h4 Nc5 65. Bb1 Ka4 66. Kb2 b4
67. axb4 Kxb4 68. Kc1 Kc3 69. Kd1 Nd3 70. Ba2 Nb4 71. Bf7 Kd3 72. Bxg6 Kxe3 0-1

[Event "DEM U16 2008"]
[Site "Willingen GER"]
[Date "2008.05.11"]
[Round "2"]
[White "Nuber, Blasius"]
[Black "Strunski, Andreas"]
[Result "0-1"]
[Termination "normal"]
[Board "2"]
[WhiteElo "2093"]
[BlackElo "2271"]
[PlyCount "46"]
[WhiteFideId "24620289"]
[BlackFideId "24606073"]
[EventCountry "GER"]
[EventRounds "9"]
[EventType "swiss"]
[EventDate "2008.05.10"]

1. e4 c5 2. c3 Nf6 3. e5 Nd5 4. d4 e6 5. Nf3 cxd4 6. cxd4 d6 7. Be2 dxe5 8.
dxe5 Be7 9. O-O O-O 10. Bd2 b6 11. Nc3 Bb7 12. Qa4 Nd7 13. Rfd1 Nxc3 14. Bxc3
Bd5 15. Nd4 Nxe5 16. Nxe6 fxe6 17. Bxe5 Bc5 18. Bf3 Rxf3 19. gxf3 Qg5+ 20. Bg3
Bxf3 21. Rd7 Re8 22. Rf1 Be2 23. Qe4 Bxf2+ 0-1

[Event "DEM U16 2008"]
[Site "Willingen GER"]
[Date "2008.05.11"]
[Round "2"]
[White "Zelbel, Patrick"]
[Black "Tkachuk, Konstantyn"]
[Result "1/2-1/2"]
[Termination "normal"]
[Board "3"]
[WhiteElo "2246"]
[BlackElo "2145"]
[PlyCount "61"]
[WhiteFideId "24624322"]
[BlackFideId "24647330"]
[EventCountry "GER"]
[EventRounds "9"]
[EventType "swiss"]
[EventDate "2008.05.10"]

1. e4 c5 2. c3 g6 3. d4 cxd4 4. cxd4 d5 5. exd5 Nf6 6. Nc3 Nxd5 7. Qb3 Nb6 8.
d5 Bg7 9. Be3 O-O 10. Rd1 N6d7 11. Nf3 b6 12. Be2 Nc5 13. Qa3 Nbd7 14. O-O Nb7
15. Nd4 Bxd4 16. Bxd4 Nd6 17. Nb5 Nf5 18. Bc3 Nc5 19. Bb4 Na6 20. d6 Nxb4 21.
Qxb4 Nxd6 22. Bf3 a5 23. Qf4 Rb8 24. Nxd6 exd6 25. Rxd6 Qe7 26. Qd4 Ba6 27. Rd1
Rfe8 28. h4 Qe5 29. Qxe5 Rxe5 30. a4 Bc8 31. Rd8+ 1/2-1/2

[Event "DEM U16 2008"]
[Site "Willingen GER"]
[Date "2008.05.11"]
[Round "2"]
[White "Eibl, Maximilian"]
[Black "Geske, Julian"]
[Result "0-1"]
[Termination "normal"]
[Board "4"]
[WhiteElo "2001"]
[BlackElo "2206"]
[PlyCount "52"]
[WhiteFideId "24620092"]
[BlackFideId "24605263"]
[EventCountry "GER"]
[EventRounds "9"]
[EventType "swiss"]
[EventDate "2008.05.10"]

1. e4 d5 2. exd5 Qxd5 3. Nc3 Qa5 4. d4 Nf6 5. Bc4 Bg4 6. f3 Bf5 7. Nge2 e6 8.
Bd2 Qb6 9. Bb3 Be7 10. g4 Bg6 11. h4 h6 12. Nf4 Nc6 13. d5 Nd4 14. dxe6 O-O-O
15. exf7 Bh7 16. Na4 Qd6 17. Be3 Qe5 18. Qc1 g5 19. Ng2 Nxf3+ 20. Kf1 Nxg4 21.
Rh3 Be4 22. Nc3 Bc6 23. Ne2 Nfh2+ 24. Kg1 Bxg2 25. Kxg2 Qe4+ 26. Kg1 Nf3+ 0-1

[Event "DEM U16 2008"]
[Site "Willingen GER"]
[Date "2008.05.11"]
[Round "2"]
[White "Mazarov, Jürgen"]
[Black "Borgmeyer, Max"]
[Result "1-0"]
[Termination "normal"]
[Board "5"]
[WhiteElo "2161"]
[BlackElo "2040"]
[PlyCount "115"]
[WhiteFideId "24617768"]
[BlackFideId "24615870"]
[EventCountry "GER"]
[EventRounds "9"]
[EventType "swiss"]
[EventDate "2008.05.10"]

1. e4 c5 2. Nf3 d6 3. d4 cxd4 4. Nxd4 Nf6 5. Nc3 a6 6. Bg5 e6 7. f4 Be7 8. Qf3
Nbd7 9. O-O-O Qc7 10. g4 b5 11. Bxf6 Bxf6 12. Bxb5 axb5 13. Ndxb5 Qc6 14. Rxd6
Qb7 15. Rxe6+ fxe6 16. Nd6+ Ke7 17. Nxb7 Bxb7 18. g5 Bd4 19. Rd1 Bc5 20. Qd3
Nb6 21. Qb5 Rhc8 22. Qe2 Kf7 23. Qh5+ Kg8 24. Rd3 g6 25. Qg4 Re8 26. h4 Ba6 27.
Rh3 Nc4 28. h5 Ra7 29. hxg6 hxg6 30. Rh6 Rg7 31. Qh3 Kf7 32. Rh7 Bf8 33. Rh8
Rg8 34. Rxg8 Kxg8 35. Qd3 Bc5 36. Qd7 Re7 37. Qc6 Be3+ 38. Kb1 Nd2+ 39. Ka1 Bb7
40. Qd6 Kf7 41. Qe5 Ke8 42. a4 Nf3 43. Qf6 Kd7 44. Nb5 Bxe4 45. Qc3 Bxf4 46. a5
Rh7 47. Qc5 Rh1+ 48. Ka2 Rc1 49. c4 Rxc4 50. Qa7+ Ke8 51. Qg7 Bd5 52. Qxg6+ Kd7
53. Ka3 Kc6 54. Qe8+ Kb7 55. Qd7+ Kb8 56. a6 Be3 57. a7+ Bxa7 58. Qxa7+ 1-0

[Event "DEM U16 2008"]
[Site "Willingen GER"]
[Date "2008.05.11"]
[Round "2"]
[White "Jorczik, Julian"]
[Black "Schulz, Jens"]
[Result "1-0"]
[Termination "normal"]
[Board "6"]
[WhiteTitle "FM"]
[WhiteElo "2339"]
[BlackElo "1984"]
[PlyCount "43"]
[WhiteFideId "24611719"]
[BlackFideId "24675687"]
[EventCountry "GER"]
[EventRounds "9"]
[EventType "swiss"]
[EventDate "2008.05.10"]

1. d4 Nf6 2. c4 c5 3. d5 b5 4. Nf3 bxc4 5. Nc3 e6 6. e4 exd5 7. e5 d4 8. exf6
Qxf6 9. Nb5 Qb6 10. Bxc4 Be7 11. O-O O-O 12. Re1 Nc6 13. Bf4 Ba6 14. a4 Bf6 15.
Bd6 Rfc8 16. Qb3 Na5 17. Bxf7+ Kh8 18. Qd5 Bxb5 19. axb5 Qxb5 20. Be5 Bxe5 21.
Nxe5 Nc6 22. Ng6+ 1-0